[Event "Smith & Williamson FIDE Rated"]
[Site "Witley"]
[Date "2001.07.18"]
[Round "6.3"]
[White "Dorrington, Christopher"]
[Black "Bigg, Andrew J"]
[Result "1/2-1/2"]
[WhiteElo "2161"]
[BlackElo "2216"]
[PlyCount "98"]
[EventDate "2001.07.16"]
[EventType "swiss"]
[EventRounds "11"]
[EventCountry "ENG"]
[SourceTitle "BritBase"]
[Source "John Saunders"]
[SourceDate "2025.09.16"]
[SourceVersion "1"]
[SourceVersionDate "2025.09.16"]
[SourceQuality "1"]

1. e4 e6 2. d4 d5 3. Nc3 Bb4 4. exd5 exd5 5. Bd3 Nc6 6. Nge2 Nge7 7. O-O Bg4 8. f3 Bf5 9. Bf4 Qd7 10. Nb5 Ba5 11. c3 a6 12. Na3 O-O 13. Nc2 Ng6 14. Ne3 Nce7 15. Nxf5 Nxf5 16. Re1 c6 17. Qc2 Nd6 18. Bg3 Bc7 19. Nf4 {(=)} Rae8 20. b3 Rxe1+ 21. Rxe1 Re8 22. Rxe8+ Qxe8 23. Qe2 Nxf4 24. Bxf4 Qxe2 25. Bxe2 Nb5 26. Bd2 Kf8 27. a4 Nd6 28. Bd3 g6 29. g4 Ke7 30. Kg2 Ke6 31. h3 b5 32. axb5 cxb5 33. Bf4 {(=)} Bd8 34. Kf2 Nb7 35. c4 Na5 36. cxb5 axb5 37. Bxb5 Nxb3 38. Be3 Bf6 39. Ba4 Nxd4 40. Bxd4 Bxd4+ 41. Kg3 Ke5 42. f4+ Ke4 43. Bc2+ Ke3 44. Bb3 {(=)} Bc3 45. Bxd5 Be1+ 46. Kg2 f5 47. gxf5 gxf5 48. Bf3 Kxf4 49. Ba8 h5 1/2-1/2

[Event "Smith & Williamson FIDE Rated"]
[Site "Witley"]
[Date "2001.07.18"]
[Round "6.4"]
[White "Cooley, Oliver"]
[Black "Churm, Rohan M"]
[Result "0-1"]
[WhiteElo "2079"]
[BlackElo "2143"]
[PlyCount "78"]
[EventDate "2001.07.16"]
[EventType "swiss"]
[EventRounds "11"]
[EventCountry "ENG"]
[SourceTitle "BritBase"]
[Source "John Saunders"]
[SourceDate "2025.09.16"]
[SourceVersion "1"]
[SourceVersionDate "2025.09.16"]
[SourceQuality "1"]

1. e4 e6 2. d4 d5 3. e5 c5 4. c3 Nc6 5. Nf3 Bd7 6. Be2 f6 7. O-O cxd4 8. exf6 Nxf6 9. Nxd4 e5 10. Nxc6 bxc6 11. Re1 Bd6 12. c4 O-O 13. cxd5 cxd5 14. Nc3 Bc6 15. Bb5 Bb7 16. Bg5 Qb6 17. Bxf6 Rxf6 18. Re2 Raf8 19. Nxd5 Qxb5 20. Nxf6+ Rxf6 21. Qb3+ {(=)} Qxb3 22. axb3 Bc5 23. h3 Bd4 24. Ra5 Rg6 25. g4 h5 26. Rb5 Bf3 27. Rb8+ Kh7 28. Rc2 hxg4 29. Rcc8 gxh3+ 30. Kh2 Rg2+ 31. Kxh3 Bxf2 32. Rf8 e4 33. Rb5 Rg3+ 34. Kh2 Rg4 35. Rh5+ Kg6 36. Rhh8 Rg1 37. Rxf3 exf3 38. Rh3 Rg2+ 39. Kh1 Rg3 0-1

[Event "Smith & Williamson FIDE Rated"]
[Site "Witley"]
[Date "2001.07.18"]
[Round "6.5"]
[White "Rattray, Ross"]
[Black "Ekeberg, Carl Fredrik"]
[Result "1/2-1/2"]
[WhiteElo "2076"]
[BlackElo "2117"]
[PlyCount "69"]
[EventDate "2001.07.16"]
[EventType "swiss"]
[EventRounds "11"]
[EventCountry "ENG"]
[SourceTitle "BritBase"]
[Source "John Saunders"]
[SourceDate "2025.09.16"]
[SourceVersion "1"]
[SourceVersionDate "2025.09.16"]
[SourceQuality "1"]

1. e4 c6 2. c4 d5 3. exd5 cxd5 4. d4 Nf6 5. Nc3 e6 6. c5 Be7 7. Nf3 O-O 8. Bd3 b6 9. b4 Bb7 10. Ne5 a5 11. Na4 bxc5 12. bxc5 Nc6 13. Nb6 Nxe5 14. dxe5 Nd7 15. Nxa8 Bxc5 16. O-O Nxe5 17. Bxh7+ Kxh7 18. Qh5+ Kg8 19. Qxe5 Bd6 20. Qh5 Qxa8 21. Rd1 Ba6 22. Rd4 Be7 23. Bg5 f6 24. Bh6 Qe8 25. Qxe8 Rxe8 26. Bd2 Bc4 27. Bxa5 Ra8 28. Be1 f5 29. Bc3 Bf6 30. Rxc4 dxc4 31. Bxf6 gxf6 {(=)} 32. a4 c3 33. Kf1 c2 34. Ke2 Rxa4 35. Rc1 1/2-1/2

[Event "Smith & Williamson FIDE Rated"]
[Site "Witley"]
[Date "2001.07.18"]
[Round "6.6"]
[White "Nixon, Thomas"]
[Black "Martyn, Rafe"]
[Result "0-1"]
[WhiteElo "2137"]
[BlackElo "2126"]
[PlyCount "90"]
[EventDate "2001.07.16"]
[EventType "swiss"]
[EventRounds "11"]
[EventCountry "ENG"]
[SourceTitle "BritBase"]
[Source "John Saunders"]
[SourceDate "2025.09.16"]
[SourceVersion "1"]
[SourceVersionDate "2025.09.16"]
[SourceQuality "1"]

1. d4 Nf6 2. c4 e6 3. Nf3 Bb4+ 4. Bd2 Qe7 5. a3 Bxd2+ 6. Nbxd2 d6 7. e3 a5 8. b4 axb4 9. axb4 Rxa1 10. Qxa1 O-O 11. Be2 e5 12. dxe5 dxe5 13. Qxe5 Qxb4 14. O-O Na6 15. Rb1 Qc5 16. Qc3 Qe7 17. Nd4 Nc5 18. Bf3 Nfd7 19. Qa3 Re8 20. g3 Ne5 21. Bg2 b6 22. Qa7 Ng4 23. Qa3 Qf6 24. Rf1 Qh6 25. N2f3 Bb7 26. h3 Ra8 27. Qc3 Bxf3 28. Nxf3 Nf6 29. Ra1 Rc8 30. Qe5 Nfd7 31. Qd5 Qf6 32. Ra7 g6 33. Nd4 Nf8 34. Qc6 Nfe6 35. Bd5 Qe7 36. Bxe6 Nxe6 37. Qe4 Qd7 38. Nxe6 Qxe6 39. Qf4 {(=)} Qc6 40. e4 Qxc4 41. Qe3 Qc6 42. f4 Rd8 43. Ra1 Qb5 44. f5 Qd3 45. Qf4 Qd4+ 0-1

[Event "Smith & Williamson FIDE Rated"]
[Site "Witley"]
[Date "2001.07.18"]
[Round "6.7"]
[White "Deva, Chetan"]
[Black "Antal, Agnes"]
[Result "1-0"]
[WhiteElo "2128"]
[BlackElo "2043"]
[PlyCount "87"]
[EventDate "2001.07.16"]
[EventType "swiss"]
[EventRounds "11"]
[EventCountry "ENG"]
[SourceTitle "BritBase"]
[Source "John Saunders"]
[SourceDate "2025.09.16"]
[SourceVersion "1"]
[SourceVersionDate "2025.09.16"]
[SourceQuality "1"]

1. d4 d5 2. Bg5 Nc6 3. e3 Bf5 4. c4 f6 5. Bh4 e6 6. Nc3 Bb4 7. Rc1 Nge7 8. cxd5 exd5 9. Bd3 Bxd3 10. Qxd3 O-O 11. Nge2 Qd7 12. a3 Bxc3+ 13. Nxc3 Ng6 14. Bg3 Nce7 15. O-O c6 16. b4 Rac8 17. Rc2 Nf5 18. Rfc1 Nxg3 19. hxg3 Ne7 20. b5 Rfd8 21. a4 Qd6 22. Rb1 Qd7 23. Rbc1 Qd6 24. Na2 Rc7 25. Qb3 Rdc8 26. Nb4 Kf7 27. bxc6 bxc6 28. Na6 Rd7 29. Nc5 Rdd8 30. Na6 Qd7 31. Rb2 Nf5 32. Qc2 g6 33. Nc5 Qe8 34. Rb7+ Kg8 35. Rxa7 Nxe3 36. fxe3 Qxe3+ 37. Kf1 Qxd4 38. Re7 Re8 39. Qe2 Rxe7 40. Qxe7 Rb8 41. Re1 Qc4+ 42. Kg1 Qc3 43. Nd7 Qd4+ 44. Kh2 1-0

[Event "Smith & Williamson FIDE Rated"]
[Site "Witley"]
[Date "2001.07.18"]
[Round "6.8"]
[White "Manton, Timothy"]
[Black "Lutton, Josiah Ezra"]
[Result "1-0"]
[WhiteElo "1664"]
[BlackElo "2093"]
[PlyCount "99"]
[EventDate "2001.07.16"]
[EventType "swiss"]
[EventRounds "11"]
[EventCountry "ENG"]
[SourceTitle "BritBase"]
[Source "John Saunders"]
[SourceDate "2025.09.16"]
[SourceVersion "1"]
[SourceVersionDate "2025.09.16"]
[SourceQuality "1"]

1. d4 e6 2. Nf3 Nf6 3. e3 b6 4. Bd3 Bb7 5. Nbd2 c5 6. O-O Be7 7. c3 d6 8. a4 a6 9. Qc2 Nbd7 10. b4 Rc8 11. Qb1 Nd5 12. Ra3 f5 13. b5 a5 14. Bb2 N5f6 15. c4 d5 16. Rc3 {(=)} h6 17. Rcc1 g6 18. Rfd1 Rg8 19. Nb3 dxc4 20. Bxc4 Bxf3 21. gxf3 Nd5 22. Kf1 Kf7 23. dxc5 Bxc5 24. Bxd5 exd5 25. Rxd5 Qe7 26. Qd3 Rgd8 {(=)} 27. Rd1 Rc7 28. Qc3 Qe6 29. Nxc5 bxc5 30. Qg7+ Ke8 31. Bf6 Qxf6 32. Qxf6 Nxf6 33. Rxd8+ Ke7 34. R8d6 c4 35. Rc6 Rxc6 36. bxc6 Ne8 37. Rd4 c3 38. Rc4 Kd6 39. Rxc3 Nc7 40. e4 fxe4 41. fxe4 g5 42. Kg2 Ne6 43. Kg3 Nc7 44. Kg4 Ne6 45. Kh5 Nf4+ 46. Kxh6 Ne6 47. e5+ Kc7 48. Kg6 Nf4+ 49. Kxg5 Ne6+ 50. Kg4 1-0

[Event "Smith & Williamson FIDE Rated"]
[Site "Witley"]
[Date "2001.07.18"]
[Round "6.9"]
[White "Hansell, Christopher"]
[Black "Payne, Robert"]
[Result "1-0"]
[WhiteElo "2062"]
[BlackElo "1688"]
[PlyCount "68"]
[EventDate "2001.07.16"]
[EventType "swiss"]
[EventRounds "11"]
[EventCountry "ENG"]
[SourceTitle "BritBase"]
[Source "John Saunders"]
[SourceDate "2025.09.16"]
[SourceVersion "1"]
[SourceVersionDate "2025.09.16"]
[SourceQuality "1"]

1. d4 Nf6 2. e3 c5 3. Bd3 Nc6 4. c3 d6 5. f4 Bg4 6. Qb3 Qc7 7. Nd2 g6 8. Ngf3 Bg7 9. O-O O-O 10. h3 Bd7 11. Qd1 Rab8 12. a3 b5 13. b4 Nd5 14. Nb1 cxd4 15. cxd4 Qb6 16. Kh1 Rfd8 17. Ra2 {(=)} e5 18. fxe5 dxe5 19. e4 Ndxb4 20. axb4 Nxb4 21. Rb2 Nxd3 22. Qxd3 exd4 23. Rd2 Be6 24. Qa3 {(=)} Bc4 25. Rff2 Bh6 26. Rd1 Be3 27. Rc2 a5 28. Ne5 d3 29. Rxc4 bxc4 30. Bxe3 Qxe3 31. Qe7 Qf2 32. Ng4 Qe2 33. Nc3 Qb2 34. Rf1 Rf8 1-0

[Event "Smith & Williamson FIDE Rated"]
[Site "Witley"]
[Date "2001.07.18"]
[Round "6.10"]
[White "Mooring, Ross"]
[Black "Khoo, Teresa"]
[Result "1/2-1/2"]
[WhiteElo "2053"]
[BlackElo "1688"]
[PlyCount "62"]
[EventDate "2001.07.16"]
[EventType "swiss"]
[EventRounds "11"]
[EventCountry "ENG"]
[SourceTitle "BritBase"]
[Source "John Saunders"]
[SourceDate "2025.09.16"]
[SourceVersion "1"]
[SourceVersionDate "2025.09.16"]
[SourceQuality "1"]

1. e4 c5 2. Nc3 Nc6 3. g3 g6 4. Bg2 Bg7 5. Nge2 e6 6. d3 Nge7 7. Be3 d6 8. Qd2 Nd4 9. Nd1 Nec6 10. Nc1 Qf6 11. f4 Bd7 12. c3 Nb5 13. Ne2 O-O 14. Nf2 e5 15. O-O Qe7 16. Rae1 Rae8 17. Kh1 b6 18. f5 Nd8 19. g4 f6 20. h4 gxf5 21. gxf5 d5 22. Bf3 d4 23. Bh6 Bxh6 24. Qxh6 Kh8 25. Bh5 Nf7 26. Bxf7 Rxf7 27. Rg1 Qf8 28. Qh5 Ree7 29. Rg3 Rg7 30. Reg1 Rxg3 31. Rxg3 Be8 1/2-1/2

[Event "Smith & Williamson FIDE Rated"]
[Site "Witley"]
[Date "2001.07.18"]
[Round "6.11"]
[White "Bennet, William"]
[Black "Rennie, John"]
[Result "1/2-1/2"]
[WhiteElo "1800"]
[BlackElo "2053"]
[PlyCount "114"]
[EventDate "2001.07.16"]
[EventType "swiss"]
[EventRounds "11"]
[EventCountry "ENG"]
[SourceTitle "BritBase"]
[Source "John Saunders"]
[SourceDate "2025.09.16"]
[SourceVersion "1"]
[SourceVersionDate "2025.09.16"]
[SourceQuality "1"]

1. d4 d5 2. c4 c6 3. Nc3 Nf6 4. Nf3 dxc4 5. a4 Na6 6. e4 Bg4 7. Bxc4 e6 8. Bxa6 bxa6 9. Qd3 Qb6 10. a5 Qb7 11. Ne5 Bh5 12. Qc4 Rc8 13. Nd3 Bg6 14. f3 h6 15. O-O Be7 16. Nc5 Bxc5 17. Qxc5 Nd7 18. Qd6 Qb8 19. Bf4 Qxd6 20. Bxd6 f6 21. Na4 Kf7 22. Ra3 Rhd8 23. Rb3 Nf8 24. e5 Bc2 25. Ra3 Bxa4 26. Rxa4 Ng6 27. Rc1 Nf4 28. Kf1 Nd5 29. Kf2 Nf4 30. Rc2 Rd7 31. Rac4 Rb7 32. b4 Nd5 33. Rxc6 Rxc6 34. Rxc6 Nxb4 35. Bxb4 Rxb4 36. Rxa6 Rxd4 37. Rxa7+ Kg6 38. exf6 gxf6 39. a6 Ra4 40. Ra8 Kf5 41. Kg3 e5 42. a7 h5 43. Kh3 h4 44. g4+ Kf4 45. Kxh4 Kxf3 46. Kh5 e4 47. g5 Ra5 48. Kh6 e3 49. gxf6 e2 50. f7 e1=Q 51. f8=Q+ Kg2 52. Qg7+ Kh1 53. Qb7+ Kxh2 54. Qc7+ Kh1 {(=)} 55. Qc6+ Kh2 56. Qd6+ Kh1 57. Qc6+ Kh2 1/2-1/2

[Event "Smith & Williamson FIDE Rated"]
[Site "Witley"]
[Date "2001.07.18"]
[Round "6.12"]
[White "Boztas, Kenan"]
[Black "Winkworth, Julian"]
[Result "1/2-1/2"]
[WhiteElo "2051"]
[BlackElo "1904"]
[PlyCount "108"]
[EventDate "2001.07.16"]
[EventType "swiss"]
[EventRounds "11"]
[EventCountry "ENG"]
[SourceTitle "BritBase"]
[Source "John Saunders"]
[SourceDate "2025.09.16"]
[SourceVersion "1"]
[SourceVersionDate "2025.09.16"]
[SourceQuality "1"]

1. c4 Nf6 2. g3 e5 3. Bg2 d6 4. Nc3 g6 5. e4 Bg7 6. Nge2 O-O 7. O-O Nbd7 8. f4 c6 9. b3 Ng4 10. Kh1 Qb6 11. d4 exd4 12. Na4 Qd8 13. Nxd4 c5 14. Qxg4 Bxd4 15. Nb2 Ne5 16. Qe2 Bg4 17. Qc2 Nc6 18. Bd2 Bg7 19. Bc3 Nd4 20. Qd2 Qd7 21. Nd1 Bxd1 22. Raxd1 Rfe8 23. b4 Rad8 24. e5 dxe5 25. fxe5 Rxe5 26. bxc5 Rf5 27. Rxf5 Qxf5 28. Bxb7 Nc6 29. Qxd8+ Nxd8 30. Rxd8+ Bf8 31. Kg2 Qc2+ 32. Bd2 Kg7 33. c6 Qxc4 34. Bh6+ Kxh6 35. Rxf8 Qxa2+ 36. Kg1 Qb1+ 37. Kg2 Qc2+ 38. Kf1 Qc4+ 39. Kg2 a5 40. Re8 a4 41. Re7 a3 42. c7 a2 43. c8=Q Qxc8 44. Bxc8 a1=Q 45. Bg4 f5 46. Bf3 Qa2+ 47. Re2 Qc4 48. Rf2 {(=)} g5 49. Be2 Qe4+ 50. Bf3 Qe5 51. Be2 f4 52. g4 Kg6 53. h3 Qe3 54. Bf3 h6 1/2-1/2

[Event "Smith & Williamson FIDE Rated"]
[Site "Witley"]
[Date "2001.07.18"]
[Round "6.14"]
[White "Purton, Ben"]
[Black "Bridger, Michael J"]
[Result "1/2-1/2"]
[WhiteElo "1632"]
[BlackElo "2058"]
[PlyCount "35"]
[EventDate "2001.07.16"]
[EventType "swiss"]
[EventRounds "11"]
[EventCountry "ENG"]
[SourceTitle "BritBase"]
[Source "John Saunders"]
[SourceDate "2025.09.16"]
[SourceVersion "1"]
[SourceVersionDate "2025.09.16"]
[SourceQuality "1"]

1. e4 e6 2. d4 d5 3. exd5 exd5 4. c4 c6 5. Nc3 Nf6 6. Bf4 Be7 7. Nf3 O-O 8. Be2 Nbd7 9. cxd5 Nxd5 10. Nxd5 cxd5 11. O-O Nb6 12. Rc1 Bd6 13. Qd2 Bg4 14. Bxd6 Qxd6 15. Ne5 Bxe2 16. Qxe2 Rfe8 17. Qd3 {(=)} Rac8 18. Rfe1 1/2-1/2

[Event "Smith & Williamson FIDE Rated"]
[Site "Witley"]
[Date "2001.07.18"]
[Round "6.15"]
[White "Mycroft, Richard"]
[Black "Hughes, Andrew"]
[Result "1/2-1/2"]
[WhiteElo "1736"]
[BlackElo "2046"]
[PlyCount "100"]
[EventDate "2001.07.16"]
[EventType "swiss"]
[EventRounds "11"]
[EventCountry "ENG"]
[SourceTitle "BritBase"]
[Source "John Saunders"]
[SourceDate "2025.09.16"]
[SourceVersion "1"]
[SourceVersionDate "2025.09.16"]
[SourceQuality "1"]

1. Nf3 e6 2. g3 b6 3. Bg2 Bb7 4. O-O d6 5. d3 Nd7 6. Nbd2 g6 7. e4 Bg7 8. Nc4 Ne7 9. Qe2 O-O 10. Ne3 c5 11. Rb1 Re8 12. a4 d5 13. Ng4 f5 14. Nh6+ Bxh6 15. Bxh6 Nc6 16. Rfe1 Nde5 17. Nxe5 Nxe5 18. Bf4 Nf7 19. exf5 exf5 20. Qxe8+ Qxe8 21. Rxe8+ Rxe8 22. Kf1 Kf8 23. Re1 Rd8 24. Re6 Rd7 25. Ke1 Nd8 26. Re2 Kf7 27. Kd2 Ne6 28. Be5 Ba6 29. Bh3 Re7 30. g4 fxg4 31. Bxg4 Nd8 32. Bg3 Nc6 33. Rxe7+ Kxe7 34. Bf3 Ke6 35. c4 Ne7 36. cxd5+ Nxd5 37. Bb8 Nb4 38. Bxa7 Nxd3 39. Bxb6 Nxb2 40. Bxc5 Nc4+ 41. Kc3 Ne5 42. Bh1 Kf5 43. Bd6 Ng4 44. Bg3 Nf6 45. Bf3 Ne4+ 46. Kb4 Nd2 47. Bg2 Nf1 48. Bxf1 Bxf1 49. h4 g5 50. hxg5 Kxg5 {and later 1/2-1/2 (scoresheets illegible)} 1/2-1/2

[Event "Smith & Williamson FIDE Rated"]
[Site "Witley"]
[Date "2001.07.18"]
[Round "6.16"]
[White "Goodwin, Lydia"]
[Black "Williams, Samuel G"]
[Result "1/2-1/2"]
[WhiteElo "1768"]
[BlackElo "1696"]
[PlyCount "48"]
[EventDate "2001.07.16"]
[EventType "swiss"]
[EventRounds "11"]
[EventCountry "ENG"]
[SourceTitle "BritBase"]
[Source "John Saunders"]
[SourceDate "2025.09.16"]
[SourceVersion "1"]
[SourceVersionDate "2025.09.16"]
[SourceQuality "1"]

1. e4 d6 2. Nf3 Nf6 3. Nc3 c6 4. d4 Bg4 5. Be2 e6 6. O-O d5 7. e5 Nfd7 8. Bf4 Be7 9. Nd2 Bf5 10. h3 a6 11. Bh2 c5 12. dxc5 Bxc5 13. g4 Bg6 14. Kg2 {(=)} Nc6 15. f4 Nd4 16. Bd3 Bxd3 17. cxd3 h5 18. Bg3 g6 19. Ne2 Nxe2 20. Qxe2 b5 21. Nb3 h4 22. Be1 Rc8 23. Bd2 Qe7 24. Rae1 Bb4 1/2-1/2

[Event "Smith & Williamson FIDE Rated"]
[Site "Witley"]
[Date "2001.07.18"]
[Round "6.18"]
[White "Farley, Andrew"]
[Black "Chevannes, Sabrina L"]
[Result "1-0"]
[WhiteElo "1760"]
[BlackElo "1584"]
[PlyCount "56"]
[EventDate "2001.07.16"]
[EventType "swiss"]
[EventRounds "11"]
[EventCountry "ENG"]
[SourceTitle "BritBase"]
[Source "John Saunders"]
[SourceDate "2025.09.16"]
[SourceVersion "1"]
[SourceVersionDate "2025.09.16"]
[SourceQuality "1"]

1. d4 Nf6 2. Nf3 d5 3. e3 Bg4 4. Bd3 Nbd7 5. b3 e6 6. Bb2 Ne4 7. O-O Bd6 8. c4 c6 9. Be2 Qf6 10. Nbd2 Qh6 11. g3 f5 12. Ne5 Bh3 13. Re1 Ndf6 14. Bf1 Bxf1 15. Nxf1 Ng5 16. f4 Nge4 17. Re2 Rg8 18. Rg2 Qh3 19. a4 g5 20. Ba3 Bc7 21. Qe1 Bxe5 22. dxe5 Nh5 23. Raa2 Ng7 24. Qa5 Kd7 25. Qb4 Kc8 26. Qe7 Qh6 27. Bd6 Nxd6 28. exd6 Ne8 1-0

[Event "Smith & Williamson FIDE Rated"]
[Site "Witley"]
[Date "2001.07.18"]
[Round "6.19"]
[White "Kelly, Alexandra"]
[Black "Wilson, Alexandra FV"]
[Result "0-1"]
[WhiteElo "1672"]
[BlackElo "1648"]
[PlyCount "38"]
[EventDate "2001.07.16"]
[EventType "swiss"]
[EventRounds "11"]
[EventCountry "ENG"]
[SourceTitle "BritBase"]
[Source "John Saunders"]
[SourceDate "2025.09.16"]
[SourceVersion "1"]
[SourceVersionDate "2025.09.16"]
[SourceQuality "1"]

1. e4 c5 2. Nc3 Nc6 3. Bb5 g6 4. Bxc6 bxc6 5. d3 Bg7 6. f4 e6 7. Nf3 Ne7 8. Rb1 Rb8 9. Bd2 O-O 10. O-O Ba6 11. Nh4 d5 12. e5 Qc7 13. Qg4 c4 14. dxc4 Bxc4 15. Rf3 Nf5 16. b3 Ba6 17. Rh3 Qe7 18. Nxf5 exf5 19. Re1 fxg4 0-1

[Event "Smith & Williamson FIDE Rated"]
[Site "Witley"]
[Date "2001.07.19"]
[Round "7.1"]
[White "Rendle, Thomas E"]
[Black "Churm, Rohan M"]
[Result "1/2-1/2"]
[WhiteElo "2129"]
[BlackElo "2143"]
[PlyCount "31"]
[EventDate "2001.07.16"]
[EventType "swiss"]
[EventRounds "11"]
[EventCountry "ENG"]
[SourceTitle "BritBase"]
[Source "John Saunders"]
[SourceDate "2025.09.16"]
[SourceVersion "1"]
[SourceVersionDate "2025.09.16"]
[SourceQuality "1"]

1. e4 e6 2. d4 d5 3. e5 c5 4. c3 Qb6 5. Nf3 Bd7 6. Na3 cxd4 7. cxd4 Bxa3 8. bxa3 Ne7 9. Be2 Bb5 10. Bxb5+ Qxb5 11. Qb3 Qxb3 12. axb3 Nbc6 13. Bd2 O-O 14. O-O Rfc8 15. Rfc1 a6 16. Kf1 1/2-1/2

[Event "Smith & Williamson FIDE Rated"]
[Site "Witley"]
[Date "2001.07.19"]
[Round "7.2"]
[White "Kahar, Krunal"]
[Black "Woodward, Timothy DM"]
[Result "1/2-1/2"]
[WhiteElo "2172"]
[BlackElo "2096"]
[PlyCount "158"]
[EventDate "2001.07.16"]
[EventType "swiss"]
[EventRounds "11"]
[EventCountry "ENG"]
[SourceTitle "BritBase"]
[Source "John Saunders"]
[SourceDate "2025.09.16"]
[SourceVersion "1"]
[SourceVersionDate "2025.09.16"]
[SourceQuality "1"]

1. d4 d5 2. c4 c6 3. Nc3 Nf6 4. Nf3 dxc4 5. e3 b5 6. a4 b4 7. Na2 e6 8. Bxc4 a5 9. O-O Ba6 10. Qe2 Be7 11. b3 Qb6 12. Bb2 O-O 13. Rac1 Nbd7 14. Nd2 Rfe8 15. f4 c5 16. Kh1 Bxc4 17. Nxc4 Qa6 18. Qf3 cxd4 19. exd4 Nd5 20. f5 Rf8 21. Rce1 Rae8 22. Nc1 N7b6 23. Nxb6 Qxb6 24. Nd3 Bd6 25. Ne5 Qa7 26. Ng4 Qe7 27. Bc1 Rc8 28. f6 gxf6 29. Bh6 Rc3 30. Qe2 f5 31. Bxf8 Kxf8 32. Ne5 Qh4 33. Qa6 Bxe5 34. dxe5 Ne3 35. Rxe3 Rxe3 36. Qxa5 Rxb3 37. Qc5+ Kg7 38. h3 {(=)} Rc3 39. Qb5 Qc4 40. Qxc4 Rxc4 41. Rb1 b3 42. Rxb3 Rxa4 43. Rb5 Ra7 44. Kh2 f6 45. Rb6 Kf7 46. exf6 Kxf6 47. Kg3 Rg7+ 48. Kf3 Rd7 49. g4 Rd3+ 50. Kf4 Rd4+ 51. Ke3 Rc4 52. gxf5 Kxf5 53. Rb3 e5 54. Kf3 {(=)} h5 55. Rb8 Rc3+ 56. Kg2 h4 57. Rg8 Rc2+ 58. Kf3 Rc3+ 59. Kg2 Ke4 60. Rg4+ Kd3 61. Kf3 Rc1 62. Rxh4 Rf1+ 63. Kg2 Rf8 64. Ra4 e4 65. Ra7 Ke2 66. Re7 Rg8+ 67. Kh2 e3 68. h4 Kf2 69. Rf7+ Ke1 70. Re7 e2 71. Kh3 Rd8 72. Kg4 {(=)} Kd2 73. h5 e1=Q 74. Rxe1 Kxe1 75. h6 {(=)} Kf2 76. Kg5 Kg3 77. Kg6 Kg4 78. Kg7 Rd7+ 79. Kg8 Kg5 {and later 1/2-1/2} 1/2-1/2

[Event "Smith & Williamson FIDE Rated"]
[Site "Witley"]
[Date "2001.07.19"]
[Round "7.4"]
[White "Ekeberg, Carl Fredrik"]
[Black "Dorrington, Christopher"]
[Result "1/2-1/2"]
[WhiteElo "2117"]
[BlackElo "2161"]
[PlyCount "50"]
[EventDate "2001.07.16"]
[EventType "swiss"]
[EventRounds "11"]
[EventCountry "ENG"]
[SourceTitle "BritBase"]
[Source "John Saunders"]
[SourceDate "2025.09.16"]
[SourceVersion "1"]
[SourceVersionDate "2025.09.16"]
[SourceQuality "1"]

1. c4 Nf6 2. d4 e6 3. Nc3 Bb4 4. Qc2 c5 5. dxc5 O-O 6. Nf3 Bxc5 7. Bg5 Be7 8. e3 d6 9. Be2 Nbd7 10. O-O b6 11. Rfd1 Bb7 12. e4 Qb8 13. Nd4 a6 14. a4 Qc7 15. a5 bxa5 16. Nb3 Nc5 17. Nxc5 Qxc5 18. Be3 {(=)} Qc7 19. Bf4 Rfd8 20. b3 Bc6 21. c5 e5 22. Bg5 dxc5 23. Bxf6 Bxf6 24. Rxd8+ Bxd8 25. Bc4 Qb7 1/2-1/2

[Event "Smith & Williamson FIDE Rated"]
[Site "Witley"]
[Date "2001.07.19"]
[Round "7.5"]
[White "Martyn, Rafe"]
[Black "Rattray, Ross"]
[Result "1/2-1/2"]
[WhiteElo "2126"]
[BlackElo "2076"]
[PlyCount "43"]
[EventDate "2001.07.16"]
[EventType "swiss"]
[EventRounds "11"]
[EventCountry "ENG"]
[SourceTitle "BritBase"]
[Source "John Saunders"]
[SourceDate "2025.09.16"]
[SourceVersion "1"]
[SourceVersionDate "2025.09.16"]
[SourceQuality "1"]

1. d4 d5 2. c4 c6 3. Nf3 Nf6 4. e3 e6 5. Nbd2 Nbd7 6. b3 Bb4 7. Bd3 Ne4 8. O-O f5 9. Qc2 O-O 10. a3 Bd6 11. Bb2 Qf6 12. Rfc1 g5 13. Nf1 h5 14. Bc3 g4 15. Ne1 Rf7 16. Ra2 Qg6 17. b4 Ndf6 18. b5 Bd7 19. Bb4 Rc8 {(=)} 20. bxc6 Rxc6 21. Bxd6 Nxd6 22. c5 1/2-1/2

[Event "Smith & Williamson FIDE Rated"]
[Site "Witley"]
[Date "2001.07.19"]
[Round "7.6"]
[White "Bjerke, Silje"]
[Black "Hansell, Christopher"]
[Result "1/2-1/2"]
[WhiteElo "2029"]
[BlackElo "2062"]
[PlyCount "80"]
[EventDate "2001.07.16"]
[EventType "swiss"]
[EventRounds "11"]
[EventCountry "ENG"]
[SourceTitle "BritBase"]
[Source "John Saunders"]
[SourceDate "2025.09.16"]
[SourceVersion "1"]
[SourceVersionDate "2025.09.16"]
[SourceQuality "1"]

1. d4 Nf6 2. c4 e6 3. Nc3 Bb4 4. Qc2 c5 5. dxc5 Bxc5 6. Nf3 Nc6 7. Bg5 Be7 8. e3 O-O 9. a3 b6 10. Bd3 h6 11. Bh4 Bb7 12. O-O Rc8 13. Qe2 Na5 14. b4 Nc6 15. Bc2 Ng4 16. Qd3 f5 17. Bg3 d6 18. Nd4 Qd7 19. f3 Nge5 20. Qe2 Nxd4 21. exd4 Nxc4 22. Rfe1 Bf6 23. Bf2 Rfe8 24. a4 a6 25. Bd3 d5 26. Rac1 Bg5 27. Rcd1 Kf7 28. g4 Bf4 29. Qc2 Nd6 30. Qb2 Nc4 31. Qc2 g6 32. Bxc4 Rxc4 33. Be3 Qc7 34. Rd3 Bd6 35. b5 Rc8 36. Rc1 Bb4 37. Bd2 a5 38. Qb2 Bxc3 39. Rdxc3 Qd6 40. Qa2 Rxc3 1/2-1/2

[Event "Smith & Williamson FIDE Rated"]
[Site "Witley"]
[Date "2001.07.19"]
[Round "7.7"]
[White "Cooley, Oliver"]
[Black "Manton, Timothy"]
[Result "1/2-1/2"]
[WhiteElo "2079"]
[BlackElo "1664"]
[PlyCount "32"]
[EventDate "2001.07.16"]
[EventType "swiss"]
[EventRounds "11"]
[EventCountry "ENG"]
[SourceTitle "BritBase"]
[Source "John Saunders"]
[SourceDate "2025.09.16"]
[SourceVersion "1"]
[SourceVersionDate "2025.09.16"]
[SourceQuality "1"]

1. e4 c5 2. Nf3 d6 3. d4 cxd4 4. Nxd4 Nf6 5. Nc3 g6 6. Be3 Bg7 7. f3 O-O 8. Qd2 Nc6 9. O-O-O d5 10. exd5 Nxd5 11. Nxc6 bxc6 12. Bd4 e5 13. Bc5 Be6 14. Ne4 Qc7 15. Bc4 Rfd8 16. Bb3 a5 1/2-1/2